Statistics for Countries with NO Army

Click here to take the quiz!

General Stats

  • This quiz has been taken 52 times
  • The average score is 10 of 16

Answer Stats

Country% Correct
Tuvalu
82%
Vatican
82%
Nauru
74%
Kiribati
74%
Andorra
72%
Palau
72%
Samoa
67%
Marshall Islands
64%
Micronesia
64%
Liechtenstein
62%
Solomon Islands
59%
Grenada
54%
Saint Lucia
54%
Saint Vincent and the Grenadines
49%
Costa Rica
41%
Dominica
41%

Score Distribution

Percentile by Number Answered

Percent of People with Each Score

Your Score History

You have not taken this quiz